01469nam a2200241Ia 4500003000500000005001700005008004100022020003000063040002300093082002100116100002300137245015200160260005100312300005000363500007200413504005100485521001000536650044900546651001700995654009801012700009101110710002601201322820250704102922.0210825s9999 xx 000 0 und d a9781868 145119qPaperback aRDAbENGLISHc3228 a362.1969792 DICK a Dickinson, David  0aChanging the course of AIDS:b peer education in South Africa and its lessons for the global crisiscDavid Dickinson ; foreword by Charles Deutsch. aJohannesburg : bWits University Press,c2010. axiii, 252 pagesbColour illustrations:c24 cm aOriginally published: Ithaca, N.Y.: Cornell University Press, 2009. aIncludes bibliographical references and index. aAdult 2"Empowered with information I have influenced a lot of people" : the quest for behavioral change -- "People are dying, but they don't listen when we tell them" : the corporate response to HIV/AIDS in South Africa -- "For the love of people" : peer education as a response from below -- Backstage social divisions -- Slipping out of order -- To speak with one voice -- Social space, leadership, and action : peer education and behavioral change. aSouth Africa 2AIDS (Disease) Health education Occupational health services Peer counseling South Africa aCharles Deutsch, Hybridesign, South Africa, Creda Communications, South Africa.d1963- aWits University Press